000 00361nam a2200109Ia 4500
008 160909s9999 xx 000 0 und d
100 _aGil, Felix R.
245 _aLatino students defining an identity in an American town
260 _bUniversity of Pennsylvania
_c2016
650 _aEDUC/SPED
856 _uhttp://pqdtopen.proquest.com/doc/1810422315.html?FMT=ABS
999 _c305022
_d305022